Catálogo
 En Linea
Vista normal Vista MARC

Entrada Nombre geográfico

Número de registros utilizados en: 1

001 - NÚMERO DE CONTROL

  • campo de control: 33242

003 - IDENTIFICADOR DEL NÚMERO DE CONTROL

  • campo de control: OSt

005 - FECHA Y HORA DE LA ÚLTIMA TRANSACCIÓN

  • campo de control: 20200615033400.0

008 - DATOS DE LONGITUD FIJA

  • campo de control de longitud fija: 200615|| aca||aabn | a|a d

040 ## - FUENTE DE LA CATALOGACIÓN

  • Centro catalogador/agencia de origen: OSt
  • Centro/agencia transcriptor: OSt

151 ## - ENCABEZAMIENTO--NOMBRE GEOGRÁFICO

  • Nombre geográfico: ESPAÑA
  • Subdivisión general: VIDA SOCIAL Y COSTUMBRES
  • Subdivisión general: CONGRESOS

670 ## - FUENTE DE DATOS ENCONTRADOS

  • Cita de la fuente: Work cat.: (OSt)14257: Congreso de Aragon de Etnología y Antropología (1er. : 1979 : Tarazona de Aragon, Spain, etc.) 33238, I Congreso de Aragon de Etnologia y Antropologia :, [1981?].

Con tecnología Koha